| 000 | 00658nam a22002417a 4500 | ||
|---|---|---|---|
| 003 | LK-CoDNM | ||
| 005 | 20241120120528.0 | ||
| 008 | 241015b |||||||| |||| 00| 0 eng d | ||
| 040 |
_aLK-CoDNM _dLK-CoDNM _eLK-CoDNM |
||
| 041 | _aeng | ||
| 080 |
_aPJ _bE5.4 |
||
| 100 | _a | ||
| 245 |
_aJournal of the Dutch burger union of Ceylon-1913 ( Vol.6 ) _bNo.2 & 3 |
||
| 260 |
_aGalle _bThe Albion press _c1913 |
||
| 300 | _b36p. ; 24 cm | ||
| 500 | _aMonthly magazine | ||
| 650 | _aJournal of the Dutch burger union of Ceylon-1913 ( Vol.6 ) | ||
| 650 | _aNo.2 & 3 | ||
| 650 | _aPJ E5.4 | ||
| 650 | _a1913 | ||
| 650 | _aMonthly magazine | ||
| 942 | _cBK | ||
| 999 |
_c231240 _d231240 |
||